Plants that belong to true grass family (Poaceae) - sudden death - Statistics

General Stats
  • This quiz has been taken 52 times
  • The average score is 8 of 14
Answers on the Grid
Answers color-coded by a green-red scale on the quiz's grid according to % correct below.
Catnip
Wheat
Asparagus
English ryegrass
Sugarcane
Sugar beet
Vanilla
Maize
Coconut
Oat
Pampas grass
Leek
Pearl millet
Buckwheat
Common meadow-grass
Rice
Breadfruit
Barley
Alfalfa
White clover
Indian grass
Jackfruit
Soybean
Sorghum
Orchard grass/cock's-foot
Iris
Bulrush (Typha)
Giant bamboo
 
Answer Stats
Answer % Correct
Wheat
92%
Maize
65%
English ryegrass
62%
Rice
58%
Common meadow-grass
54%
Indian grass
54%
Oat
54%
Pampas grass
54%
Barley
50%
Sorghum
50%
Sugarcane
50%
Giant bamboo
38%
Orchard grass/cock's-foot
38%
Pearl millet
38%
No matching quizzes found
Score Distribution
Percent of People with Each Score
Percentile by Number Answered
Your Score History
You have not taken this quiz